000 00293nam a22001337a 4500
008 170714b xxu||||| |||| 00| 0 eng d
020 _a9780385425339
041 _aeng
080 _a101
100 _a24
101 _aFIL
245 _aPHILOSOPHY MADE SIMPLE
_cPOPKIN, R.H
942 _2udc
_cBK
999 _c20676
_d20676